NDU-K Library Catalogue

Girl in a jacket 

Crop pests of East Africa / (Record no. 15069)

MARC details
000 -LEADER
fixed length control field 00834cam a2200289 4500
001 - CONTROL NUMBER
control field 3622258
003 - CONTROL NUMBER IDENTIFIER
control field OSt
005 - DATE AND TIME OF LATEST TRANSACTION
control field 20240319130134.0
008 - FIXED-LENGTH DATA ELEMENTS--GENERAL INFORMATION
fixed length control field 700127s1968 ke a b 001 0 eng
010 ## - LIBRARY OF CONGRESS CONTROL NUMBER
LC control number 73980320
020 ## - INTERNATIONAL STANDARD BOOK NUMBER
International Standard Book Number 0196440521
040 ## - CATALOGING SOURCE
Original cataloging agency DLC
Transcribing agency DLC
Modifying agency DLC
043 ## - GEOGRAPHIC AREA CODE
Geographic area code fe-----
050 00 - LIBRARY OF CONGRESS CALL NUMBER
Classification number SB605
Item number .A35D4 1968
082 00 - DEWEY DECIMAL CLASSIFICATION NUMBER
Classification number 632/.7/09676
100 1# - MAIN ENTRY--PERSONAL NAME
Personal name De Pury, J. M. S.
245 10 - TITLE STATEMENT
Title Crop pests of East Africa /
Statement of responsibility, etc. J. M. S. de Pury.
260 ## - PUBLICATION, DISTRIBUTION, ETC.
Place of publication, distribution, etc. Nairobi,
Name of publisher, distributor, etc. Oxford University Press,
Date of publication, distribution, etc. 1968.
300 ## - PHYSICAL DESCRIPTION
Extent xii, 227 p.
Other physical details ill.
Dimensions 22 cm.
350 ## - PRICE (NR) (BK AM CF MU VM SE) [OBSOLETE]
Price 30.00
504 ## - BIBLIOGRAPHY, ETC. NOTE
Bibliography, etc. note Bibliography: p. 216-217.
650 #0 - SUBJECT ADDED ENTRY--TOPICAL TERM
Topical term or geographic name entry element Agricultural pests
Geographic subdivision Africa, East.
650 #0 - SUBJECT ADDED ENTRY--TOPICAL TERM
Topical term or geographic name entry element Plant diseases
Geographic subdivision Africa, East.
650 #0 - SUBJECT ADDED ENTRY--TOPICAL TERM
Topical term or geographic name entry element Pests
General subdivision Control
Geographic subdivision Africa, East.
906 ## - LOCAL DATA ELEMENT F, LDF (RLIN)
a 7
b cbc
c orignew
d u
e ncip
f 19
g y-gencatlg
942 ## - ADDED ENTRY ELEMENTS (KOHA)
Source of classification or shelving scheme Library of Congress Classification
Koha item type Normal Collection
Suppress in OPAC No
Holdings
Withdrawn status Lost status Source of classification or shelving scheme Damaged status Not for loan Home library Current library Date acquired Total Checkouts Full call number Barcode Date last seen Price effective from Koha item type
    Library of Congress Classification     Kenya Military Academy Kenya Military Academy 19/03/2024   SB605 .A35D4 1968 KMA002653 19/03/2024 19/03/2024 Normal Collection
Copyright © 2026 [National Defence University - Kenya]. All rights reserved.